Fit & well: (Record no. 11261)
[ view plain ]
| 000 -LEADER | |
|---|---|
| fixed length control field | 01322cam a2200373 a 4500 |
| 001 - CONTROL NUMBER | |
| control field | 16014415 |
| 003 - CONTROL NUMBER IDENTIFIER | |
| control field | GZU |
| 005 - DATE AND TIME OF LATEST TRANSACTION | |
| control field | 20240408121037.0 |
| 008 - FIXED-LENGTH DATA ELEMENTS--GENERAL INFORMATION | |
| fixed length control field | 091209s2011 nyua b 001 0 eng |
| 010 ## - LIBRARY OF CONGRESS CONTROL NUMBER | |
| LC control number | 2009050023 |
| 020 ## - INTERNATIONAL STANDARD BOOK NUMBER | |
| International Standard Book Number | 9780073523798 (softcover : alk. paper) |
| 020 ## - INTERNATIONAL STANDARD BOOK NUMBER | |
| International Standard Book Number | 9780077655082 |
| 022 ## - INTERNATIONAL STANDARD SERIAL NUMBER | |
| International Standard Serial Number | No number |
| 035 ## - SYSTEM CONTROL NUMBER | |
| System control number | (OCoLC)ocn482585408 |
| 040 ## - CATALOGING SOURCE | |
| Original cataloging agency | DLC |
| Transcribing agency | DLC |
| Modifying agency | YDX |
| -- | YDXCP |
| -- | DLC |
| 050 00 - LIBRARY OF CONGRESS CALL NUMBER | |
| Classification number | GV481 |
| Item number | FAH 2013 |
| 082 00 - DEWEY DECIMAL CLASSIFICATION NUMBER | |
| Classification number | 613.7/043 |
| Edition number | 22 |
| 100 1# - MAIN ENTRY--PERSONAL NAME | |
| Personal name | Fahey, Thomas D. |
| Fuller form of name | (Thomas Davin), |
| Dates associated with a name | 1947- |
| 245 10 - TITLE STATEMENT | |
| Title | Fit & well: |
| Remainder of title | core concepts and labs in physical fitness and wellness/ |
| Statement of responsibility, etc. | Thomas D. Fahey, Paul M. Insel, Walton T. Roth. |
| 246 3# - VARYING FORM OF TITLE | |
| Title proper/short title | Fit and well |
| 250 ## - EDITION STATEMENT | |
| Edition statement | Tenth edition |
| 260 ## - PUBLICATION, DISTRIBUTION, ETC. | |
| Place of publication, distribution, etc. | New York: |
| Name of publisher, distributor, etc. | McGraw-Hill, |
| Date of publication, distribution, etc. | c2011. |
| 300 ## - PHYSICAL DESCRIPTION | |
| Extent | xx, 430, [56] pages: |
| Other physical details | colour illustrations; |
| Dimensions | 28 cm. |
| 504 ## - BIBLIOGRAPHY, ETC. NOTE | |
| Bibliography, etc. note | Includes bibliographical references and index. |
| 505 ## - FORMATTED CONTENTS NOTE | |
| Statement of responsibility | Thomas D. Fahey |
| 520 ## - SUMMARY, ETC. | |
| Summary, etc. | Core concepts and labs in physical fitness and wellness |
| 650 #0 - SUBJECT ADDED ENTRY--TOPICAL TERM | |
| Topical term or geographic name entry element | Physical fitness. |
| 650 #0 - SUBJECT ADDED ENTRY--TOPICAL TERM | |
| Topical term or geographic name entry element | Health. |
| 700 1# - ADDED ENTRY--PERSONAL NAME | |
| Personal name | Insel, Paul M. |
| 700 1# - ADDED ENTRY--PERSONAL NAME | |
| Personal name | Roth, Walton T. |
| 906 ## - LOCAL DATA ELEMENT F, LDF (RLIN) | |
| a | 7 |
| b | cbc |
| c | orignew |
| d | 1 |
| e | ecip |
| f | 20 |
| g | y-gencatlg |
| 942 ## - ADDED ENTRY ELEMENTS (KOHA) | |
| Source of classification or shelving scheme | Library of Congress Classification |
| Koha item type | Books |
| Edition | Tenth edition |
| Classification part | 481 |
| Item part | FAH |
| Call number prefix | GV |
| Withdrawn status | Lost status | Source of classification or shelving scheme | Damaged status | Not for loan | Collection code | Home library | Current library | Shelving location | Date acquired | Source of acquisition | Total Checkouts | Full call number | Barcode | Date last seen | Copy number | Price effective from | Koha item type |
|---|---|---|---|---|---|---|---|---|---|---|---|---|---|---|---|---|---|
| Library of Congress Classification | Non-fiction | Medical Library | Medical Library | General Stacks | 04/08/2024 | Donation | GV481FAH2013 | 033302 | 04/08/2024 | c.1 | 04/08/2024 | Books |